| 000 | 01154cam a22003255i 4500 | ||
|---|---|---|---|
| 999 |
_c27587 _d27558 |
||
| 001 | 18642040 | ||
| 003 | EG-ScBUE | ||
| 005 | 20190908113125.0 | ||
| 008 | 150603s2016 enk f b 001 0 eng d | ||
| 020 | _a9781138913097 (pbk. : alk. paper) | ||
| 040 |
_aDLC _beng _erda _cDLC _dDLC _dEG-ScBUE |
||
| 041 | 0 |
_aeng _aara |
|
| 043 | _ama----- | ||
| 082 | 0 | 4 |
_a492.780221 _bALM _222 |
| 100 | 1 |
_aAlmanna, Ali, _eauthor. |
|
| 245 | 1 | 4 |
_aThe Routledge course in translation annotation : _bArabic - English - Arabic / _cAli Almanna. |
| 264 | 1 |
_aAbindon ; _aNew York : _bRoutledge / Taylor & Francis Group, _c2016. |
|
| 300 |
_avii, 247 pages ; _c25 cm |
||
| 336 |
_atext _btxt _2rdacontent |
||
| 337 |
_aunmediated _bn _2rdamedia |
||
| 338 |
_avolume _bnc _2rdacarrier |
||
| 504 | _aIncludes bibliographical references (pages 226-237) and index. | ||
| 546 | _aText in English and Arabic. | ||
| 650 | 7 |
_aTranslating and interpreting _zArab countries. _2BUEsh |
|
| 650 | 7 |
_aArabic language _xTranslating. _2BUEsh |
|
| 650 | 7 |
_aTranslating and interpreting _xMethodology. _2BUEsh |
|
| 653 |
_bHHUUEENN _cSeptember2019 |
||
| 655 | _vReading book | ||
| 942 |
_2ddc _cBB |
||